01584cam a22003617a 4500003000500000005001700005008004100022010001000063011001000073035001000083040000900093090001000102100003600112245022400148260004000372300001100412502008300423590003700506590004100543590004100584590004100625590004200666650005400708650003700762901000700799905002600806942000900832949005500841949004200896999001700938952014000955952012701095CHAP20220329142053.0990525d1998 cu a r 00110 spa d a77951 a78923 a89031 cCHAP aTesis00aSantos Moreno, Armando.910251510aEmpleo de un programa con enfoque sistémico y la orientación de la actividad del estudiante en la enseñanza de la bioquímica de alimentos de la carrera de Ingeniería Agroindustrialc/ por Armando Santos Moreno aCmagüey, Cuba :bEl autor,c1998. a107 h. aTesis (M.C. en Enseñanza de la Química) -- Universidad de Camagüey, Cuba aALEPHb10c20130110lUCH01h1429 aBATCH-UPDb10c20130110lUCH01h0821 aBATCH-UPDb10c20130410lUCH01h0459 aBATCH-UPDb10c20130914lUCH01h0155 aCONVERSIONb10c20130109lUCH01h134314aAlimentosxBioquímicaxPlanes de estudio.9417414aUACHxPlanes de estudio.9115804 aBK aBlanca M. García O. cFOLL bBCcTESd33724000714556eTS2fc.2h33974i89031sb bBCcTESd890311eTS1h33973i89031sb c77951d77951 00102local4053708TESISaBCbBCcPA_TESISd2019-12-31fTESISl0oTesisp33724000714556r2019-12-31 00:00:00tc.2w2019-12-31yTESIS 00102local4051708TESISaBCbBCcPA_TESISd2019-12-31fTESISl0oTesisp890311r2019-12-31 00:00:00w2019-12-31yTESIS